Từ điển kinh tế tài chính ngân hàng

Đã lưu trong:
書目詳細資料
主要作者: Lê, Văn Tề
格式: 圖書
語言:Undetermined
出版: Tp. Hồ Chí Minh Thống Kê 1999
主題:
標簽: 添加標簽
沒有標簽, 成為第一個標記此記錄!
Thư viện lưu trữ: Trung tâm Học liệu Trường Đại học Cần Thơ
LEADER 00557nam a2200193Ia 4500
001 CTU_35536
008 210402s9999 xx 000 0 und d
020 |c 44000 
082 |a 330.03 
082 |b T250 
100 |a Lê, Văn Tề 
245 0 |a Từ điển kinh tế tài chính ngân hàng 
245 0 |c Lê Văn Tề 
260 |a Tp. Hồ Chí Minh 
260 |b Thống Kê 
260 |c 1999 
650 |a Economics,Vietnamese language 
904 |i Minh, 000302 
980 |a Trung tâm Học liệu Trường Đại học Cần Thơ